| 000 | 01008nam a2200265 a 4500 | ||
|---|---|---|---|
| 001 | BRL_1568 | ||
| 005 | 20190320211251.0 | ||
| 008 | 140314s1962----u--oae####---#000-0#eng-# | ||
| 041 | _aeng | ||
| 044 | _au | ||
| 050 | 4 |
_aF1219 _b.L69 1962 |
|
| 100 | 1 |
_aLowe, Gareth W. _927307 |
|
| 245 | 1 | 0 |
_aMound 5 and minor excavations, Chiapa de Corzo, Chiapas, Mexico _cby Gareth W. Lowe. |
| 260 |
_aProvo, Utah _bNew World Archeological Foundation, Brigham Young University _c1962 |
||
| 300 |
_avi, 114 p. _bil., fotografías (blanco y negro), mapas _c27 cm. _e+ 1 Plano plegable |
||
| 440 | 0 |
_aPapers of the New World Archaeological Foundation _vno. 12 _927308 |
|
| 440 | 0 |
_aPublication _vno. 8 _927309 |
|
| 500 | _aAu1453 | ||
| 650 | 1 | 4 |
_aIndígenas de México _xAntigüedades _zChiapa de Corzo _927212 |
| 650 | 1 | 4 |
_aExcavaciones arqueologicas _zChiapa de Corzo _927213 |
| 651 | 4 |
_aChiapa de Corzo _xAntigüedades _927214 |
|
| 710 | 2 |
_aNew World Archaeological Foundation _927310 |
|
| 902 | _aGRL | ||
| 942 |
_2lcc _cB |
||
| 999 |
_c10377 _d10377 |
||